| 000 | 00786cam a22002175i 4500 | ||
|---|---|---|---|
| 001 | 163574 | ||
| 003 | ES-MaACL | ||
| 005 | 20230906212752.0 | ||
| 008 | 940301m18951904sp |||| | spa d | ||
| 040 |
_aAS _bspa |
||
| 100 | 1 |
_aRius, Leopoldo. _9131846 |
|
| 245 | 1 | 0 |
_aBibliografía crítica de las obras de Miguel de Cervantes Saavedra / _cpor Leopoldo Rius. |
| 260 |
_aMadrid : _bLibrería de M. Murillo, _c1895-1904 ( _eBarcelona : _fFidel Giró) |
||
| 300 |
_a3 v. ; _c26 cm. |
||
| 600 | 1 | 7 |
_aCervantes Saavedra, Miguel de, _d1547-1616- _9168271 _vBibliografías |
| 752 |
_aEspaña - _dMadrid |
||
| 752 |
_aEspaña - _dVillanueva y Geltrú |
||
| 852 |
_aES-MaACL _jC-2312-2314 _z-- Enc. pasta los t.I-II y enc. hol. el t.III |
||
| 942 | _2udc | ||
| 999 |
_c163574 _d163574 |
||